MARC

LEADER 00000nam0a2200000 4500
001 65973
005 20231031071045.0
035 |a (RuTPU)RU\TPU\book\70033 
090 |a 65973 
100 |a 20040708d1968 k y0rusy50 ca 
101 0 |a rus 
102 |a RU 
105 |a a z 001zy 
200 1 |a Жизнь, ее природа, происхождение и развитие  |f А. И. Опарин  |g Академия Наук СССР, Институт биохимии им. А. Н. Баха 
205 |a 2-е изд., доп. 
210 |a Москва  |c Наука  |d 1968 
215 |a 173 с.  |c ил. 
320 |a Библиогр.: с. 172. 
610 1 |a жизнь 
610 1 |a происхождение 
610 1 |a развитие 
610 1 |a философия 
675 |a 57  |v 3 
700 1 |a Опарин  |b А. И.  |g Александр Иванович 
712 0 2 |a Академия наук СССР (АН СССР)  |b Институт биохимии им. А. Н. Баха (ИНБИ)  |c (Москва)  |2 stltpush  |3 (RuTPU)RU\TPU\col\11920 
801 1 |a RU  |b 63413507  |c 20040708  |g PSBO 
801 2 |a RU  |b 63413507  |c 20140603  |g PSBO 
942 |c BK